| 000 | 01822nam a2200433Ia 4500 | ||
|---|---|---|---|
| 001 | ebr10054646 | ||
| 003 | CaPaEBR | ||
| 006 | m u | ||
| 007 | cr cn||||||||| | ||
| 008 | 990210s1999 enka sb 001 0 eng d | ||
| 010 | _z 99019812 | ||
| 020 | _z0203072847 | ||
| 020 | _z0415068940 (hc. : alk. paper) | ||
| 020 | _z0415068959 (pbk. : alk. paper) | ||
| 040 |
_aCaPaEBR _cCaPaEBR |
||
| 035 | _a(OCoLC)560049249 | ||
| 050 | 1 | 4 |
_aPR2983 _b.B47 1999eb |
| 082 | 0 | 4 |
_a822.3/3 _221 |
| 100 | 1 |
_aBerry, Philippa, _d1955- |
|
| 245 | 1 | 0 |
_aShakespeare's feminine endings _h[electronic resource] : _bfiguring women in the tragedies / _cPhilippa Berry. |
| 260 |
_aLondon ; _aNew York : _bRoutledge, _c1999. |
||
| 300 |
_axiv, 197 p. : _bill. |
||
| 490 | 1 | _aFeminist readings of Shakespeare | |
| 504 | _aIncludes bibliographical references (p. 167-188) and index. | ||
| 533 |
_aElectronic reproduction. _bPalo Alto, Calif. : _cebrary, _d2009. _nAvailable via World Wide Web. _nAccess may be limited to ebrary affiliated libraries. |
||
| 600 | 1 | 0 |
_aShakespeare, William, _d1564-1616 _xTragedies. |
| 600 | 1 | 0 |
_aShakespeare, William, _d1564-1616 _xCharacters _xWomen. |
| 650 | 0 |
_aFeminism and literature _zEngland _xHistory _y16th century. |
|
| 650 | 0 |
_aFeminism and literature _zEngland _xHistory _y17th century. |
|
| 650 | 0 |
_aWomen and literature _zEngland _xHistory _y16th century. |
|
| 650 | 0 |
_aWomen and literature _zEngland _xHistory _y17th century. |
|
| 650 | 0 | _aSex role in literature. | |
| 650 | 0 | _aDeath in literature. | |
| 650 | 0 | _aClosure (Rhetoric) | |
| 655 | 7 |
_aElectronic books. _2local |
|
| 710 | 2 | _aebrary, Inc. | |
| 830 | 0 | _aFeminist readings of Shakespeare. | |
| 856 | 4 | 0 |
_uhttp://site.ebrary.com/lib/rucke/Doc?id=10054646 _zAn electronic book accessible through the World Wide Web; click to view |
| 999 |
_c167831 _d167831 |
||